00433nam a22001217a 4500008004100000020001500041082001800056100002700074245007200101260010500173300001000278700002300288230606b xxu||||| |||| 00| 0 eng d a9966944478 a382.6762bMWE cFrancis M. Mwegad2005 aAfrican Imperatives In The World Trade OrderbCase Studies On Kenya aKenyabAfrica Research Consortium And Kenya Institute for Public Policy Research And Analysis c2005 a301 p cHezron O. Nyangito